[Event "Regionalliga SW 0001"]
[Site "Bayern"]
[Date "2001.04.01"]
[Round "8"]
[White "Kugelmann, Werner"]
[Black "Kraetschmer, Kai"]
[Result "1-0"]
[WhiteElo "2100"]
[BlackElo "2095"]
[PlyCount "112"]
[EventDate "2000.10.15"]
[EventType "team-tourn"]
[EventRounds "9"]
[EventCountry "GER"]
[SourceTitle "EXT 2020"]
[Source "ChessBase"]
[SourceDate "2019.10.17"]
[SourceVersion "1"]
[SourceVersionDate "2019.10.17"]
[SourceQuality "1"]
[WhiteTeam "Lauingen"]
[BlackTeam "Burlafingen"]
[WhiteTeamCountry "GER"]
[BlackTeamCountry "GER"]

1. e4 e6 2. d4 d5 3. e5 b6 4. c3 Qd7 5. a4 Ba6 6. Bxa6 Nxa6 7. Qe2 Nb8 8. Nf3 Ne7 9. 0-0 Nbc6 10. b4 h6 11. Re1 Ng6 12. h4 Be7 13. g3 Bd8 14. Nbd2 0-0 15. Nh2 Re8 16. Ndf1 Nf8 17. Qg4 Kh8 18. Qh5 f5 19. g4 Nh7 20. gxf5 exf5 21. Nf3 Rf8 22. Bf4 Qe6 23. Ne3 Ne7 24. Nd2 c6 25. b5 Rc8 26. bxc6 Rxc6 27. Qf3 Rxc3 28. Rec1 Rxc1+ 29. Rxc1 g5 30. hxg5 hxg5 31. Bh2 f4 32. Ng4 Nf5 33. Qd3 Nh4 34. f3 Kg7 35. Kf2 Rf7 36. Qb5 Nf5 37. Rc6 Qe7 38. Rc8 Nxd4 39. Qb2 Ne6 40. Rc2 b5 41. axb5 Bb6+ 42. Kg2 Qd8 43. Rc6 Nhf8 44. Bg1 Bxg1 45. Kxg1 Rc7 46. Rd6 Rd7 47. Nb3 Rxd6 48. exd6+ Kf7 49. Qe5 Nd7 50. Nh6+ Kg6 51. Qxe6+ Qf6 52. Qxd7 Kxh6 53. Qxa7 Qe6 54. Qf2 Qxd6 55. Nd4 Qb4 56. Kg2 Kg6 1-0